| 000 | 00000nam##2200000za#4500 |
| 001 | 9.651941 |
| 003 | CaOODSP |
| 005 | 20210927150342 |
| 007 | ta |
| 008 | 150407|2010||||xxc||||| f|0| 0 eng|d |
| 020 | |a978-1-100-15387-2 |
| 040 | |aCaOODSP|beng |
| 043 | |an-cn--- |
| 086 | 1 |aR32-134/2010E |
| 110 | 1 |aCanada. |bIndian and Northern Affairs Canada. |
| 245 | 10|aAgreement between the Inuit of the Nunavut Settlement Area and Her Majesty the Queen in right of Canada |
| 246 | 1 |aAgreement between the Inuit of the Nunavut Settlement Area and Her Majesty the Queen in right of Canada, as amended |
| 250 | |aConsolidated version |
| 260 | |aOttawa - Ontario : |bIndian and Northern Affairs |c2010. |
| 300 | |axiv, 282p. ; |c18 cm. |
| 500 | |a"Amendments included herein are up to January 29, 2009". |
| 563 | |aCerlox |
| 590 | |a10-24|b2010-06-18 |
| 776 | 0#|tAgreement between the Inuit of the Nunavut Settlement Area and Her Majesty the Queen in right of Canada |w(CaOODSP)9.693596 |